| 000 | 00891nam a2200193 a 4500 | ||
|---|---|---|---|
| 005 | 20240704063715.0 | ||
| 008 | 991125s1996 mx 000 0 spa u | ||
| 020 | _a9682990637 | ||
| 035 | _aUPN01000006265 | ||
| 049 | _aSEP | ||
| 050 | 4 |
_aL227 D221 _bB23 1997 |
|
| 245 | 0 | 0 |
_aCalendario escolar 1996-1997 : _bfolleto explicativo / _cSecretaría de Educación Pública, Dirección General de Planeación, Programación y Presupuesto. |
| 260 |
_aMéxico : _bSEP, Dirección General de Planeación y Programación y Presupuesto, _c1996. |
||
| 300 | _a3 v. | ||
| 505 | 8 |
_aContenido: _gv.1. _tEducacion inicial, preescolar, primaria, especial, indígena y de adultos -- _gv.2. _tEducación secundaria -- _gv.3. _tEducación media superior y del INBA |
|
| 650 | 4 |
_aCalendario escolar _94669 |
|
| 710 | 1 |
_aMéxico. _bDirección General de Planeación, Programación y Presupuesto _929712 |
|
| 905 | _aLibro | ||
| 999 |
_c6265 _d6265 |
||